|
|
|
|
| LEADER |
00000nam0a2200000 4500 |
| 001 |
357514 |
| 005 |
20240219104323.0 |
| 035 |
|
|
|a (RuTPU)RU\TPU\retro\14782
|
| 090 |
|
|
|a 357514
|
| 100 |
|
|
|a 20200806d1896 m y0rusy50 ca
|
| 101 |
0 |
|
|a rus
|
| 102 |
|
|
|a RU
|
| 105 |
|
|
|a y z 000zy
|
| 181 |
|
0 |
|b e
|
| 182 |
|
0 |
|a n
|
| 183 |
|
0 |
|a nc
|2 RDAcarrier
|
| 200 |
1 |
|
|a Геологическая карта северо-восточной части Томского горного округа (золотоносный район) (на 12 листах) в масштабе 5 верст в английском дюйме (I:2I0000)
|e объяснительная записка
|f сост. А. М. Зайцев, В. С. Реутовский
|
| 210 |
|
|
|a Томск
|c Типо-литография М. Н. Кононова
|d 1896
|
| 215 |
|
|
|a 9 с.
|
| 283 |
|
|
|a volume
|
| 300 |
|
|
|a Текст в русской дореформенной орфографии
|
| 300 |
|
|
|a Дозволено цензурою. Томск, 15 марта 1896 года.
|
| 316 |
|
|
|5 63413507: 375
|a На переднем форзаце владельческий экслибрис библиотеки ТТИ
|
| 316 |
|
|
|5 63413507: 375
|a На титульном листе надпись
|
| 316 |
|
|
|5 63413507: 375
|a На обложке надпись: «Вся выручка поступает в пользу "Общества вспомоществования рабочим горных и золотых промыслов"».
|
| 320 |
|
|
|a Библиография в ссылках
|
| 606 |
1 |
|
|a Геологические карты
|2 stltpush
|3 (RuTPU)RU\TPU\subj\6050
|9 34014
|
| 610 |
1 |
|
|a Томский горный округ
|
| 610 |
1 |
|
|a золотоносные районы
|
| 610 |
1 |
|
|a рельеф
|
| 610 |
1 |
|
|a золотоносные породы
|
| 610 |
1 |
|
|a особенности
|
| 610 |
1 |
|
|a угленосные отложения
|
| 610 |
1 |
|
|a объяснительные записки
|
| 610 |
1 |
|
|a Коллекция Труды учёных ТПУ
|
| 675 |
|
|
|a 550.8:528
|v 4
|
| 702 |
|
1 |
|a Зайцев
|b А. М.
|c российский геолог
|c доктор минералогии и геогнозии
|c профессор Томского государственного университета
|f 1856-1921
|g Алексей Михайлович
|3 (RuTPU)RU\TPU\pers\13869
|4 220
|
| 702 |
|
1 |
|a Реутовский
|b В. С.
|c русский горный инженер
|c предприниматель
|f 1853-1923
|g Вячеслав Степанович
|3 (RuTPU)RU\TPU\pers\19683
|4 220
|9 7630
|
| 801 |
|
1 |
|a RU
|b 63413507
|c 20200806
|
| 801 |
|
2 |
|a RU
|b 63413507
|c 20201019
|g RCR
|
| 942 |
|
|
|c BK
|